000 00932cam a22003251 4500
001 2178727
003 OSt
005 20150611160927.0
008 710517r19681877enkk 000 0 eng
010 _a 68107461
015 _aB68-09143
040 _aDLC
_cDLC
_dDLC
043 _ae-uk---
050 0 0 _aKD7869
_b.H37 1968
082 0 0 _a345 HAR
_222
100 1 _aPalmer, H.A.
_9879
240 1 0 _aPrinciples of the criminal
245 0 0 _aHarris's criminal law /
_cH.A. Palmer, Henry Palmer
250 _a20th ed.,
260 _aLondon :
_bSweet & Maxwell,
_c1960.
300 _ali, 839p. :
_c23 cm.
504 _aincludes Appendix and index
650 0 _aCriminal law
_zGreat Britain.
_9880
650 0 _aCriminal procedure
_zGreat Britain.
_9881
700 1 _aPalmer, Henry
_9882
740 0 _aCriminal law.
906 _a7
_bcbc
_corignew
_du
_encip
_f19
_gy-gencatlg
942 _2ddc
_cBK
999 _c296
_d296